Qualitative analysis using NVivo : the five-level QDA method /

Bibliographic Details
Main Authors: Woolf, Nicholas H. (Author), Silver, Christina (Author)
Corporate Author: EBSCOhost
Format: eBook
Language:English
Published: New York : Routledge, 2017.
Series:Developing qualitative inquiry.
Subjects:
Online Access:Connect to the full text of this electronic book

MARC

Tag First Indicator Second Indicator Subfields
LEADER 00000cam a22000001i 4500
001 in00003920522
005 20190416171946.0
006 m |o d |
007 cr |n|||||||||
008 171025s2017 nyu o 001 0 eng d
020 |a 9781351722858 (electronic bk.) 
020 |a 1351722859 (electronic bk.) 
020 |z 9781138743663 (hardback) 
020 |z 1138743666 (hardback) 
020 |z 9781138743670 (pbk.) 
020 |z 1138743674 (pbk.) 
024 8 |a 40027552850 
035 |a (NhCcYBP)EBSCO1598531 
040 |a NhCcYBP  |c NhCcYBP  |d UtOrBLW 
050 4 |a H62  |b .W6667 2017 
082 0 4 |a 001.4/20285  |2 23 
100 1 |a Woolf, Nicholas H.,  |e author.  |0 http://id.loc.gov/authorities/names/n2017045364 
245 1 0 |a Qualitative analysis using NVivo :  |b the five-level QDA method /  |c Nicholas H. Woolf and Christina Silver. 
264 1 |a New York :  |b Routledge,  |c 2017. 
300 |a 1 online resource. 
336 |a text  |b txt  |2 rdacontent 
337 |a computer  |b c  |2 rdamedia 
338 |a online resource  |b cr  |2 rdacarrier 
490 1 |a Developing qualitative inquiry 
500 |a Includes index. 
505 0 |a Acknowledgements -- Case contributors -- Orientation -- The principles of the five-level QDA method -- Strategies and tactics -- Developing objectives and analytic plans (Levels 1 & 2) -- Translating analytic tasks into software tools (Levels 3, 4, & 5) -- The five-level QDA method in practice -- Orientation to NVivo -- The architecture of nvivo -- Mastering the process of translation -- Case illustrations -- Orientation to case illustrations -- Case illustration : an exploratory literature review -- Case illustration : a program evaluation -- Appendices -- Appendix 1: Three levels of detail of analytic tasks -- Appendix 2: Five analytic activities -- Appendix 3: Examples of units in analytic tasks -- Appendix 4: Identifying the units of analytic tasks -- Appendix 5: Identifying the purpose of analytic tasks -- Index. 
588 |a Description based on print version record. 
500 |a Electronic resource. 
630 0 0 |a NVivo (Computer file)  |0 http://id.loc.gov/authorities/names/n2017049453 
650 0 |a Qualitative research  |x Data processing. 
650 0 |a Qualitative research  |x Methodology.  |0 http://id.loc.gov/authorities/subjects/sh2016001988 
650 0 |a Social sciences  |x Methodology.  |0 http://id.loc.gov/authorities/subjects/sh85124011 
655 7 |a Electronic books.  |2 local 
700 1 |a Silver, Christina,  |e author.  |0 http://id.loc.gov/authorities/names/nb2007011099 
710 2 |a EBSCOhost. 
776 1 8 |c Original  |z 9781138743663  |z 1138743666  |z 9781138743670  |z 1138743674  |w (DLC) 2017015789 
856 4 0 |u http://proxy.library.tamu.edu/login?url=http://search.ebscohost.com/login.aspx?direct=true&scope=site&db=nlebk&db=nlabk&AN=1598531  |z Connect to the full text of this electronic book  |t 0 
830 0 |a Developing qualitative inquiry.  |0 http://id.loc.gov/authorities/names/no2008048661 
955 |a YBP purchased approval e-records 
980 |b 240.00  |g 1 
987 |a ybp14817811 
999 f f |s 741e32fe-0563-3f76-9c75-df5433442633  |i becf165c-1778-3b49-8f58-9803be0ad131  |t 0 
952 f f |a Texas A&M University  |b College Station  |c Electronic Resources  |d Available Online  |t 0  |e H62 .W6667 2017  |h Library of Congress classification 
998 f f |a H62 .W6667 2017  |t 0  |l Available Online